[Event "Regency Masters 3rd"]
[Site "Ramsgate"]
[Date "1981.12.11"]
[Round "7.7"]
[White "Plaskett, H James"]
[Black "Kuligowski, Adam"]
[Result "0-1"]
[WhiteElo "2410"]
[BlackElo "2405"]
[PlyCount "80"]
[EventDate "1981.12.05"]
[EventType "swiss"]
[EventRounds "9"]
[EventCountry "ENG"]
[SourceVersionDate "2021.08.26"]

1. e4 c5 2. Nf3 d6 3. d4 cxd4 4. Nxd4 Nf6 5. Nc3 a6 6. Bg5 e6 7. Qd2 Nbd7 8.
Bc4 h6 9. Bxf6 Nxf6 10. Bb3 b5 11. O-O-O Bd7 (11... b4 12. Nd5 exd5 13. exd5
Qb6 14. Rhe1+ Kd7 15. Kb1 a5 16. Ba4+ Kc7 17. c4 Bd7 {Van Foreest,J (2688)
-Duda,J (2738), Zagreb Blitz 2021 (0-1, 30)}) 12. a3 Rc8 13. f4 Be7 14. Rhe1
Rc5 15. g4 Qc7 16. Kb1 g5 17. f5 e5 18. Nd5 Rxd5 19. exd5 Nxg4 20. Re4 Nf6 21.
Re3 Qc5 22. Qe2 Kf8 23. Nc6 (23. Rc3 $5) 23... Bxf5 24. Nxe7 Bg4 25. Qf2 Ne4
26. Qe1 Kxe7 27. Rxe4 Bxd1 28. Qxd1 f5 29. Re1 Kf6 30. Rf1 Kg6 31. c3 e4 32.
Qe2 Re8 33. h4 $2 (33. Bd1 $1 g4 34. h3 Qc4 35. Qxc4 bxc4 36. hxg4 $4) 33... g4
34. h5+ Kg5 35. Qd2+ e3 36. Qh2 Re4 37. Bc2 (37. Bd1 $5 Qxd5 38. Rh1 Kf6 39.
Be2 $13) 37... Qxd5 (37... e2 38. Re1 Qxd5 39. Rxe2 Rxe2 40. Qxe2 Qe5 $17) 38.
Bxe4 $2 (38. Rh1 $1 e2 (38... f4 $2 39. Qh4+ Kf5 40. Rd1 $18) 39. Qh4+ Kf4 40.
Qf2+ Kg5 41. Qh4+ $11) 38... Qxe4+ 39. Qc2 d5 40. Kc1 f4 0-1

[Event "Regency Masters 3rd"]
[Site "Ramsgate"]
[Date "1981.12.11"]
[Round "7.8"]
[White "Jacobs, Byron A"]
[Black "Pytel, Krzysztof"]
[Result "1/2-1/2"]
[WhiteElo "2245"]
[BlackElo "2400"]
[PlyCount "71"]
[EventDate "1981.12.05"]
[EventType "swiss"]
[EventRounds "9"]
[EventCountry "ENG"]
[SourceVersionDate "2021.08.26"]

1. e4 c5 2. f4 e6 3. Nf3 a6 4. d3 Nc6 5. c3 d5 6. Qe2 Nge7 7. g3 g6 8. Bg2 Bg7
9. O-O O-O 10. Qf2 c4 11. exd5 exd5 12. dxc4 dxc4 13. Na3 b5 14. Be3 Rb8 15.
Rad1 Qc7 16. Nc2 Bf5 17. Rfe1 Rfe8 18. Bc5 Red8 19. Rxd8+ Qxd8 20. Nfd4 Bd7 21.
f5 gxf5 22. Nb4 Nxb4 23. Bxb4 Ng6 24. Nxf5 Bxf5 25. Qxf5 Qc7 26. Rd1 Rd8 27.
Rxd8+ Qxd8 28. Qd5 Qxd5 29. Bxd5 Ne5 30. Ba5 Nd3 31. b3 $2 (31. Bb7 Nc5 32. Bc8
$16) 31... Nc1 32. bxc4 Ne2+ 33. Kf2 Nxc3 34. Bxc3 Bxc3 35. cxb5 axb5 36. Bb3
1/2-1/2

[Event "Regency Masters 3rd"]
[Site "Ramsgate"]
[Date "1981.12.11"]
[Round "7.9"]
[White "Regan, Kenneth"]
[Black "Patrick, David I"]
[Result "1-0"]
[WhiteElo "2405"]
[BlackElo "2275"]
[PlyCount "99"]
[EventDate "1981.12.05"]
[EventType "swiss"]
[EventRounds "9"]
[EventCountry "ENG"]
[SourceTitle "BritBase"]
[Source "John Saunders"]
[SourceDate "2020.09.07"]
[SourceVersion "1"]
[SourceVersionDate "2020.09.07"]
[SourceQuality "2"]

1. e4 e5 2. Nf3 Nc6 3. d4 exd4 4. Bc4 Nf6 5. e5 d5 6. Bb5 Ne4 7. Nxd4 Bd7 8.
Bxc6 bxc6 9. O-O a5 10. f3 Nc5 11. f4 g6 12. Be3 Ne6 13. f5 gxf5 14. Nxf5 Qb8
15. b3 Qb4 16. Nd2 Bc5 17. Bxc5 Qxc5+ 18. Kh1 Qf8 $6 19. Nf3 $16 Nd8 20. N3h4
Bxf5 21. Nxf5 Ne6 22. Qd2 Qb4 23. c3 Qc5 24. Nh6 Rf8 25. Rf6 Rd8 26. Nxf7 $5
Rxf7 27. Rxe6+ Kd7 28. Rf6 Rxf6 (28... Re7) 29. exf6 $18 Rf8 30. Rf1 Rf7 31.
Qd3 Qd6 32. Qf5+ Qe6 33. g4 Qxf5 34. Rxf5 Ke6 35. b4 $1 a4 36. Kg2 Rxf6 37.
Rxf6+ Kxf6 38. Kf3 Ke5 39. Ke3 a3 40. h3 h6 41. h4 c5 42. bxc5 c6 43. Kf3 d4
44. cxd4+ Kxd4 45. g5 hxg5 46. hxg5 Kc3 47. g6 Kb2 48. g7 Kxa2 49. g8=Q+ Ka1
50. Qg1+ 1-0

[Event "Regency Masters 3rd"]
[Site "Ramsgate"]
[Date "1981.12.11"]
[Round "7.10"]
[White "Manouck, Thierry"]
[Black "Westerinen, Heikki MJ"]
[Result "1-0"]
[WhiteElo "2400"]
[BlackElo "2425"]
[PlyCount "103"]
[EventDate "1981.12.05"]
[EventType "swiss"]
[EventRounds "9"]
[EventCountry "ENG"]
[SourceVersionDate "2021.08.26"]

1. c4 c6 2. Nf3 d5 3. b3 Bg4 4. e3 e5 5. h3 Bxf3 6. Qxf3 Nf6 7. cxd5 Qxd5 8.
Qxd5 Nxd5 9. a3 Nd7 10. d3 g6 11. Bb2 Bg7 12. Nd2 O-O 13. g4 Rfd8 14. Rc1 Nc7
15. g5 a5 16. Ne4 Bf8 17. h4 Ne6 18. Kd1 Nec5 19. Nxc5 Nxc5 20. Kc2 Bg7 21. Rd1
Rd6 22. Bc3 a4 23. b4 Ne6 24. Bg2 Nc7 25. Be4 Rd7 26. Bb2 Nb5 27. Kd2 Rad8 28.
Ke2 Nd6 29. f3 Re8 30. h5 Re6 31. hxg6 fxg6 32. Rh4 Nf7 33. Rg1 Bf8 34. f4 exf4
35. exf4 Nd6 36. Be5 Nxe4 (36... Nb5 $5) 37. dxe4 Bd6 $4 (37... c5 $11) 38. Rd1
$18 Rd8 39. Rh3 (39. Bf6 $3 {Stockfish 14} Rde8 40. e5 Be7 41. Kf3 $1) 39...
Be7 40. Rxd8+ (40. Rdh1 $5 h5 41. gxh6 Kh7 42. Rg3 $16) 40... Bxd8 41. Rg3 Be7
42. Kd3 Bd6 $2 (42... c5) 43. Bxd6 Rxd6+ 44. Kc4 Rd1 45. Kc5 Rf1 46. Kb6 $1 (
46. Rg4 $2 Rf3 $11) 46... Rxf4 47. Kxb7 Rf1 48. Kxc6 Rb1 49. b5 Rb3 50. Rg1
Rc3+ 51. Kb7 Rxa3 52. b6 1-0

[Event "Regency Masters 3rd"]
[Site "Ramsgate"]
[Date "1981.12.11"]
[Round "7.11"]
[White "Lee, Graham D"]
[Black "Taulbut, Shaun M"]
[Result "1/2-1/2"]
[WhiteElo "2360"]
[BlackElo "2420"]
[PlyCount "125"]
[EventDate "1981.12.05"]
[EventType "swiss"]
[EventRounds "9"]
[EventCountry "ENG"]
[SourceVersionDate "2021.08.26"]

1. e4 g6 2. d4 d6 3. Nc3 Bg7 4. Nf3 Nf6 5. Be2 O-O 6. O-O b6 7. Re1 Bb7 8. Bf1
Na6 9. d5 Nc5 10. Nd4 e6 11. dxe6 Nxe6 12. Nxe6 fxe6 13. Bg5 e5 14. Qd2 Qe8 15.
Nd5 Nxd5 16. Bc4 c6 17. exd5 Kh8 18. a4 Rf5 19. Bd3 Rxg5 20. Qxg5 cxd5 21. c4
dxc4 22. Bxc4 d5 23. Bb5 Qe6 24. Rac1 a6 25. Rc7 h6 26. Bd7 Qd6 27. Qc1 Rd8 28.
Rxb7 Rxd7 29. Qc8+ Rd8 30. Qc7 Qxc7 31. Rxc7 e4 32. b4 Bf8 33. Rec1 Bxb4 34.
Rc8 Rxc8 35. Rxc8+ Kg7 36. Rc7+ Kf6 37. Rc6+ Kf5 38. Rxb6 a5 39. Rb5 Ke5 40.
Kf1 h5 41. h4 Kd4 42. Ke2 Kc4 43. Ke3 Bc5+ 44. Ke2 Bb4 45. f3 exf3+ 46. gxf3 d4
47. Rg5 d3+ 48. Ke3 Bc5+ 49. Kd2 Bb4+ 50. Kc1 Kb3 51. Rxg6 Kxa4 52. Kb2 Kb5 53.
f4 a4 54. f5 Kc4 55. Rc6+ Bc5 56. f6 a3+ 57. Kc1 a2 58. Ra6 Be3+ 59. Kd1 Kb3
60. f7 Bh6 61. Rxa2 Kxa2 62. f8=Q Bxf8 63. Kd2 1/2-1/2

[Event "Regency Masters 3rd"]
[Site "Ramsgate"]
[Date "1981.12.11"]
[Round "7.12"]
[White "Cox, John J"]
[Black "Friedgood, David"]
[Result "1-0"]
[WhiteElo "2275"]
[BlackElo "2315"]
[PlyCount "81"]
[EventDate "1981.12.05"]
[EventType "swiss"]
[EventRounds "9"]
[EventCountry "ENG"]
[SourceVersionDate "2021.08.26"]

1. f4 g6 2. g3 Bg7 3. Bg2 d5 4. d3 Nf6 5. Nf3 O-O 6. O-O c6 7. c3 Nbd7 8. h3
Re8 9. d4 Ne4 10. Kh2 Ndf6 11. Nbd2 Nd6 12. a4 h5 13. a5 Nf5 14. Qa4 Ne3 15.
Rh1 Bf5 16. Nh4 Qc8 17. Nxf5 Qxf5 18. Nf3 Nxg2 19. Kxg2 Ne4 20. a6 b5 21. Qd1
Nd6 22. Qd3 e6 23. b3 Qxd3 24. exd3 b4 25. c4 dxc4 26. bxc4 Nf5 27. Bb2 Red8
28. Ra4 Rab8 29. Rb1 b3 30. Kf2 c5 31. dxc5 Rxd3 32. g4 hxg4 33. hxg4 Nh6 34.
Ke2 Rbd8 35. c6 Nxg4 36. Bc1 Rc3 37. Rb4 Rc8 $4 (37... Bf8 $1 $11) 38. Bd2 $1
Rc2 39. R1xb3 Rxc6 40. Rb8+ Kh7 $2 (40... Bf8 41. Nd4 $18) 41. Ng5+ 1-0

[Event "Regency Masters 3rd"]
[Site "Ramsgate"]
[Date "1981.12.11"]
[Round "7.13"]
[White "Van der Sterren, Paul"]
[Black "Fischdick, Gisela"]
[Result "1-0"]
[WhiteElo "2420"]
[BlackElo "2220"]
[PlyCount "75"]
[EventDate "1981.12.05"]
[EventType "swiss"]
[EventRounds "9"]
[EventCountry "ENG"]
[SourceVersionDate "2021.08.26"]

1. e4 c5 2. Nf3 e6 3. d4 cxd4 4. Nxd4 Nc6 5. Nc3 Qc7 6. g3 a6 7. Bg2 Nf6 8. O-O
Be7 9. Re1 Nxd4 10. Qxd4 Bc5 11. Qd1 d6 12. Be3 Bd7 13. Qd2 O-O 14. Bxc5 dxc5
$2 15. e5 $16 Ne8 16. Rad1 Bc6 17. Bxc6 Qxc6 18. Qd7 Qb6 19. Na4 Qa5 20. Qxb7
Nc7 21. Nb6 Rab8 22. Qxc7 Qxb6 23. Qxb6 Rxb6 24. b3 c4 25. Rd6 Rxd6 26. exd6
Rd8 27. Rd1 cxb3 28. axb3 Kf8 29. c4 Ke8 30. c5 Kd7 31. b4 Kc6 32. Ra1 Kb5 33.
f4 h6 34. Kf2 g5 35. fxg5 hxg5 36. h4 gxh4 37. gxh4 f5 38. h5 1-0

[Event "Regency Masters 3rd"]
[Site "Ramsgate"]
[Date "1981.12.11"]
[Round "7.14"]
[White "Conquest, Stuart"]
[Black "Britton, Richard L"]
[Result "0-1"]
[WhiteElo "2220"]
[BlackElo "2295"]
[PlyCount "82"]
[EventDate "1981.12.05"]
[EventType "swiss"]
[EventRounds "9"]
[EventCountry "ENG"]
[SourceVersionDate "2021.08.26"]

1. d4 Nf6 2. c4 e6 3. g3 d5 4. Bg2 Be7 5. Nf3 O-O 6. O-O b6 7. Qc2 Bb7 8. Rd1
Nbd7 9. cxd5 exd5 10. Nc3 Re8 11. Bf4 a6 12. Rac1 Rc8 13. Qb3 c5 14. dxc5 Nxc5
15. Qc2 b5 16. a3 Nfe4 17. Nxe4 Nxe4 18. Qb1 Bc5 19. Nd4 Qf6 20. Be3 h5 21. Qd3
Bb6 22. Rxc8 Rxc8 23. f3 Nd6 24. b3 a5 25. Bh3 Rc7 26. Kh1 b4 27. axb4 axb4 28.
Qd2 Rc3 29. Bf4 Ba6 $15 30. Nc2 Bc5 31. Rb1 Nb7 (31... d4 $17) 32. Bd7 Qe7 33.
Bc6 Qxe2 (33... Bxe2 $1 $19) 34. Qxe2 Bxe2 35. Ne1 $2 (35. Bxd5 Bxf3+ 36. Bxf3
Rxf3 $17) 35... Rxf3 $1 $19 36. Bxb7 Rf1+ 37. Kg2 Rg1+ 38. Kh3 Bg4+ 39. Kh4
Be7+ 40. Bg5 f6 41. Bxd5+ Kh8 0-1

[Event "Regency Masters 3rd"]
[Site "Ramsgate"]
[Date "1981.12.11"]
[Round "7.15"]
[White "Nunn, John DM"]
[Black "Nokes, Roger I"]
[Result "1-0"]
[WhiteElo "2580"]
[BlackElo "2315"]
[PlyCount "53"]
[EventDate "1981.12.05"]
[EventType "swiss"]
[EventRounds "9"]
[EventCountry "ENG"]
[SourceTitle "BritBase"]
[Source "John Saunders"]
[SourceDate "2020.09.07"]
[SourceVersion "1"]
[SourceVersionDate "2020.09.07"]
[SourceQuality "2"]

1. e4 c5 2. Nf3 Nc6 3. d4 cxd4 4. Nxd4 Nf6 5. Nc3 d6 6. Bc4 e6 7. Be3 a6 8. Qe2
Be7 9. O-O-O Qc7 10. Bb3 Na5 11. g4 b5 12. g5 Nxb3+ 13. axb3 Nd7 14. h4 Bb7 15.
f3 b4 16. Na4 g6 17. Qd2 Qa5 18. h5 O-O-O 19. Kb1 Kb8 20. hxg6 hxg6 21. Rxh8
Rxh8 22. Nc6+ Bxc6 23. Qd4 Qe5 24. Qa7+ Kc8 25. Bd4 Qh2 26. Bxh8 Qxh8 27. Nb6+
1-0

[Event "Regency Masters 3rd"]
[Site "Ramsgate"]
[Date "1981.12.11"]
[Round "7.16"]
[White "Casa, Alex"]
[Black "Hanreck, Alan E"]
[Result "1-0"]
[WhiteElo "2235"]
[BlackElo "2275"]
[PlyCount "55"]
[EventDate "1981.12.05"]
[EventType "swiss"]
[EventRounds "9"]
[EventCountry "ENG"]
[SourceVersionDate "2021.08.26"]

1. e4 c5 2. Nf3 d6 3. d4 cxd4 4. Nxd4 Nf6 5. Nc3 a6 6. Bg5 e6 7. f4 Be7 8. Qf3
Qc7 9. O-O-O Nbd7 10. g4 b5 11. Bxf6 Nxf6 12. g5 Nd7 13. h4 b4 14. Nce2 Bb7 15.
f5 (15. Ng3) 15... Nc5 16. Ng3 d5 17. g6 $5 $146 (17. fxe6) 17... hxg6 18. fxe6
O-O (18... Nxe6 $5) 19. exf7+ Rxf7 20. Qg4 Qf4+ (20... Bd6 $1 $17) 21. Qxf4
Rxf4 22. Nde2 Rxh4 23. Rxh4 Bxh4 24. exd5 Rd8 25. Bg2 Ne6 (25... a5 $15) 26. c4
bxc3 27. bxc3 Rc8 $4 28. Bh3 1-0

[Event "Regency Masters 3rd"]
[Site "Ramsgate"]
[Date "1981.12.11"]
[Round "7.17"]
[White "Kenworthy, Gary"]
[Black "Povah, Nigel Edward"]
[Result "1-0"]
[WhiteElo "2245"]
[BlackElo "2375"]
[PlyCount "91"]
[EventDate "1981.12.05"]
[EventType "swiss"]
[EventRounds "9"]
[EventCountry "ENG"]
[SourceVersionDate "2021.08.26"]

1. e4 c5 2. Nf3 e6 3. c3 Nf6 4. e5 Nd5 5. d4 cxd4 6. cxd4 b6 7. Nc3 Bb7 8. Bd3
Qc8 9. O-O Nxc3 10. bxc3 Qxc3 11. Be3 Ba3 12. Qe2 Qc7 13. Ng5 Nc6 14. Qh5 g6
15. Qh6 Bf8 16. Qh3 d5 17. exd6 Bxd6 18. d5 exd5 19. Rfe1 Be7 20. Rac1 Qd7 21.
Bb5 Qxh3 22. gxh3 Rc8 23. Bxc6+ Bxc6 24. Bd4 Kd7 25. Rxe7+ Kxe7 26. Bxh8 h6 27.
Re1+ Kf8 28. Nf3 Bd7 29. Kg2 Rc2 30. a3 a5 31. Bf6 Rc6 32. Ne5 Rd6 33. Nxg6+
Kg8 34. Ne7+ Kf8 35. Bh4 d4 36. Nf5 Rg6+ 37. Ng3 d3 38. Be7+ Kg7 39. Rd1 Bb5
40. f4 Re6 41. Bd8 Rc6 42. Nf5+ Kf8 43. Nd4 Rg6+ 44. Kf2 Bc4 45. Bc7 Ke7 46. f5
1-0

[Event "Regency Masters 3rd"]
[Site "Ramsgate"]
[Date "1981.12.11"]
[Round "7.18"]
[White "Nykopp, Jan Michael F"]
[Black "Flear, Glenn C"]
[Result "1-0"]
[WhiteElo "2260"]
[BlackElo "2385"]
[PlyCount "81"]
[EventDate "1981.12.05"]
[EventType "swiss"]
[EventRounds "9"]
[EventCountry "ENG"]
[SourceTitle "BritBase"]
[Source "John Saunders"]
[SourceDate "2020.09.07"]
[SourceVersion "1"]
[SourceVersionDate "2020.09.07"]
[SourceQuality "2"]

1. e4 e5 2. Nf3 Nc6 3. Bb5 a6 4. Ba4 Nf6 5. Nc3 Be7 6. d3 b5 7. Bb3 Bb7 8. O-O
O-O 9. Nd5 Na5 10. Nxe7+ Qxe7 11. Nh4 Nxb3 12. axb3 d5 13. Nf5 Qe6 14. f3 c5 $6
15. Qe1 $1 Rfc8 16. Qg3 Ne8 17. Bh6 g6 18. Bd2 f6 19. Nh6+ Kh8 20. f4 dxe4 21.
fxe5 f5 22. Bg5 c4 23. dxc4 bxc4 24. b4 Bd5 25. c3 a5 26. bxa5 Rc5 27. h4 Rcxa5
28. Rxa5 Rxa5 29. h5 Ra2 30. hxg6 hxg6 31. Rf2 Qb6 32. Be3 Qe6 33. Rd2 Ra1+ 34.
Kf2 Kg7 35. Qg5 Kh7 $2 36. Qh4 Kg7 37. Rxd5 $1 Qxd5 38. Qe7+ Kh8 39. Qxe8+ Kg7
40. Qe7+ Kh8 41. Nf7+ 1-0

[Event "Regency Masters 3rd"]
[Site "Ramsgate"]
[Date "1981.12.11"]
[Round "7.20"]
[White "Van Parreren, Hanneke"]
[Black "De Boer, Gert Jan"]
[Result "0-1"]
[WhiteElo "2040"]
[BlackElo "2270"]
[PlyCount "94"]
[EventDate "1981.12.05"]
[EventType "swiss"]
[EventRounds "9"]
[EventCountry "ENG"]
[SourceVersionDate "2021.08.26"]

1. e4 c5 2. Nf3 Nc6 3. Bb5 g6 4. O-O Bg7 5. c3 Nf6 6. Re1 O-O 7. h3 a6 8. Bf1
d5 9. e5 Ne8 10. d4 cxd4 11. cxd4 Nc7 12. Nc3 Bf5 13. a3 f6 14. b4 fxe5 15.
Nxe5 Nxe5 16. dxe5 Rc8 17. Bb2 g5 18. Qd2 h6 19. Rad1 e6 20. Ne2 Nb5 21. Rc1
Qd7 22. Qe3 Nd6 23. Ng3 Nc4 24. Bxc4 Rxc4 25. Bd4 Bg6 26. Bc5 Rff4 27. Rxc4
Rxc4 28. Rd1 Qa4 29. Re1 Qc2 30. Re2 Qc3 31. Qxc3 Rxc3 32. a4 a5 33. Bd6 axb4
34. Bxb4 Rc4 35. Bd6 Rxa4 36. Rb2 d4 37. Rxb7 d3 38. Rb8+ Kh7 39. Rb2 Ra5 40.
Bc7 (40. f3 $17) 40... Rc5 41. Bd6 Rc1+ 42. Kh2 (42. Nf1) 42... h5 $19 43. f3
h4 44. Ne4 Bxe4 45. fxe4 g4 $1 46. hxg4 Bh6 47. Bb4 Bf4+ 0-1

[Event "Regency Masters 3rd"]
[Site "Ramsgate"]
[Date "1981.12.12"]
[Round "8.1"]
[White "King, Daniel J"]
[Black "Fedorowicz, John P"]
[Result "1/2-1/2"]
[WhiteElo "2320"]
[BlackElo "2465"]
[PlyCount "36"]
[EventDate "1981.12.05"]
[EventType "swiss"]
[EventRounds "9"]
[EventCountry "ENG"]
[SourceVersionDate "2021.08.26"]

1. e4 c5 2. Nf3 d6 3. Bb5+ Bd7 4. Bxd7+ Nxd7 5. O-O Ngf6 6. Re1 e6 7. c4 Be7 8.
d4 cxd4 9. Qxd4 O-O 10. Nc3 a6 11. b3 Re8 12. Bb2 Bf8 13. e5 dxe5 14. Nxe5 Bc5
15. Qh4 Nxe5 16. Rxe5 Bd4 17. Re2 e5 18. Ne4 Bxb2 1/2-1/2

[Event "Regency Masters 3rd"]
[Site "Ramsgate"]
[Date "1981.12.12"]
[Round "8.2"]
[White "Hebden, Mark L"]
[Black "Kovacevic, Vlatko"]
[Result "1/2-1/2"]
[WhiteElo "2315"]
[BlackElo "2485"]
[PlyCount "100"]
[EventDate "1981.12.05"]
[EventType "swiss"]
[EventRounds "9"]
[EventCountry "ENG"]
[SourceVersionDate "2021.08.26"]

1. e4 Nf6 2. e5 Nd5 3. d4 d6 4. Nf3 Bg4 5. Be2 c6 6. Ng5 Bf5 7. e6 Bxe6 8. Nxe6
fxe6 9. Bg4 Nc7 10. Qe2 Nd7 11. Nc3 e5 12. Ne4 Nf6 13. dxe5 Nxe4 14. Qxe4 d5
15. Qb4 Qb8 16. e6 Nxe6 17. O-O Nd8 18. Re1 e5 19. Qf4 Bd6 20. Qf5 Qc7 21. Bf4
Nf7 22. Bxe5 Bxe5 23. f4 O-O 24. fxe5 Rae8 25. e6 Nh6 26. Qg5 Qf4 27. Qxf4 Rxf4
28. Bh3 g5 29. g3 Rf6 30. c4 g4 31. Bf1 d4 32. Re4 Rexe6 33. Rxd4 c5 34. Rd7
Rf7 35. Rad1 b6 36. Bg2 Ree7 37. Rd8+ Kg7 38. Bd5 Rf5 39. Rf1 Rxf1+ 40. Kxf1
Nf5 41. Rg8+ Kf6 42. Rf8+ Kg5 43. Rg8+ Kh5 44. Rd8 Ne3+ 45. Kg1 Kg5 46. a3 Nc2
47. Rg8+ Kh5 48. h3 Re1+ 49. Kh2 Re2+ 50. Kg1 Re1+ 1/2-1/2

[Event "Regency Masters 3rd"]
[Site "Ramsgate"]
[Date "1981.12.12"]
[Round "8.3"]
[White "Hartoch, Robert G"]
[Black "Miles, Anthony John"]
[Result "1/2-1/2"]
[WhiteElo "2390"]
[BlackElo "2565"]
[PlyCount "97"]
[EventDate "1981.12.05"]
[EventType "swiss"]
[EventRounds "9"]
[EventCountry "ENG"]
[SourceVersionDate "2021.08.26"]

1. Nf3 g6 2. e4 c5 3. d4 cxd4 4. Nxd4 Nf6 5. Nc3 d6 6. Bc4 Bg7 7. h3 O-O 8. O-O
a6 9. Re1 Nc6 10. Bg5 Nxd4 11. Qxd4 h6 12. Bd2 b5 13. Bb3 Bb7 14. Qe3 e6 15. a3
Qc7 16. Rad1 Rad8 17. Qg3 Nd7 18. h4 Kh7 19. h5 g5 20. Be3 Nc5 21. Bd4 Be5 22.
Qe3 Qe7 23. Bxe5 dxe5 24. Ba2 Nd7 25. Ne2 Qc5 26. Qxc5 Nxc5 27. f3 g4 28. b4
Na4 29. Bb3 Nb6 30. Nc1 gxf3 31. gxf3 Bc6 32. Nd3 Nd7 33. Kf2 Kg7 34. Ke3 Kf6
35. Rg1 Rg8 36. Nf2 Ke7 37. Rxg8 Rxg8 38. Ng4 Rg5 39. Nxh6 Nf6 40. Rd6 Bxe4 41.
Nxf7 Rg3 42. Rxe6+ Kxf7 43. Rxe5+ Kf8 44. Rxe4 Nxe4 45. Kxe4 Rg5 46. h6 Rh5 47.
c4 Rxh6 48. cxb5 axb5 49. Kd5 1/2-1/2

[Event "Regency Masters 3rd"]
[Site "Ramsgate"]
[Date "1981.12.12"]
[Round "8.4"]
[White "Hodgson, Julian M"]
[Black "Cox, John J"]
[Result "1/2-1/2"]
[WhiteElo "2370"]
[BlackElo "2275"]
[PlyCount "75"]
[EventDate "1981.12.05"]
[EventType "swiss"]
[EventRounds "9"]
[EventCountry "ENG"]
[SourceVersionDate "2021.08.26"]

1. e4 e6 2. d4 d5 3. e5 b6 4. Nf3 Ne7 5. c3 Qd7 6. Na3 Ba6 7. Bxa6 Nxa6 8. Qe2
Nb8 9. O-O Nf5 10. Nc2 h5 11. Bg5 Nc6 12. Ne3 Be7 13. Nxf5 exf5 14. Rfe1 O-O-O
15. e6 fxe6 16. Bxe7 Qxe7 17. Qxe6+ Qd7 18. Re2 Rde8 19. Qxd7+ Kxd7 20. Rae1
Rxe2 21. Rxe2 Re8 22. Kf1 Rxe2 23. Kxe2 Ke6 24. Ke3 Na5 25. b3 Nb7 26. h4 Nd6
27. Ng5+ Kf6 28. Nh3 c6 29. f3 g6 30. a4 Nb7 31. c4 dxc4 32. bxc4 Nd8 33. d5
cxd5 34. cxd5 Nb7 35. Nf4 g5 36. hxg5+ Kxg5 37. g3 Nc5 38. Kd4 1/2-1/2

[Event "Regency Masters 3rd"]
[Site "Ramsgate"]
[Date "1981.12.12"]
[Round "8.5"]
[White "Kuligowski, Adam"]
[Black "Berg, Klaus"]
[Result "1/2-1/2"]
[WhiteElo "2405"]
[BlackElo "2295"]
[PlyCount "29"]
[EventDate "1981.12.05"]
[EventType "swiss"]
[EventRounds "9"]
[EventCountry "ENG"]
[SourceVersionDate "2021.08.26"]

1. c4 c5 2. Nc3 Nc6 3. g3 g6 4. Bg2 Bg7 5. e3 e6 6. Nge2 Nge7 7. d4 cxd4 8.
Nxd4 Nxd4 9. exd4 d5 10. cxd5 Nxd5 11. Nxd5 exd5 12. O-O O-O 13. Be3 Be6 14.
Qb3 Qb6 15. Rfc1 1/2-1/2

[Event "Regency Masters 3rd"]
[Site "Ramsgate"]
[Date "1981.12.12"]
[Round "8.6"]
[White "Kosten, Anthony C"]
[Black "Regan, Kenneth"]
[Result "0-1"]
[WhiteElo "2315"]
[BlackElo "2405"]
[PlyCount "154"]
[EventDate "1981.12.05"]
[EventType "swiss"]
[EventRounds "9"]
[EventCountry "ENG"]
[SourceTitle "BritBase"]
[Source "John Saunders"]
[SourceDate "2020.09.07"]
[SourceVersion "1"]
[SourceVersionDate "2020.09.07"]
[SourceQuality "2"]

1. e4 e5 2. Nf3 Nc6 3. Bb5 a6 4. Ba4 Nf6 5. Nc3 b5 6. Bb3 Be7 7. d3 d6 8. h3
Na5 9. O-O Bb7 10. Bd5 c6 11. Bxf7+ $5 $146 Kxf7 12. Ng5+ (12. b4 $5) 12... Kg8
13. b4 h6 14. Nf3 Kh7 15. bxa5 Qxa5 16. Bd2 Qc7 17. Nh4 b4 18. Na4 Nxe4 19.
dxe4 Bxh4 20. Bxb4 Be7 21. Qd2 a5 22. Ba3 Ba6 23. Rfd1 Rad8 24. Rab1 Bc4 25.
Rb2 Rhf8 26. Qc3 Be6 27. Rb6 Bh4 28. f3 c5 29. Rdb1 Qf7 30. Qd3 Bxa2 31. Rb7
Qg6 32. Ra1 Be6 33. Kh1 Bg3 34. Nc3 Rf4 35. Qf1 Rdf8 36. Ne2 Rxe4 37. Ng1 Rh4
38. Bc1 e4 39. Bb2 Rf7 40. Rxf7 Bxf7 41. fxe4 Rxe4 42. Rxa5 Rf4 43. Nf3 Qxc2
44. Qc1 Qxc1+ 45. Bxc1 Rc4 46. Ra1 Bd5 47. Bd2 Rc2 48. Rd1 Bxf3 49. gxf3 Kg6
50. Kg1 Kf5 51. Kf1 d5 52. Be3 d4 53. Bg1 Bf4 54. h4 Rc1 55. Rxc1 Bxc1 56. Ke2
Be3 57. Bh2 c4 58. Bd6 Bf4 59. Bb4 h5 60. Be1 g6 61. Kd1 d3 62. Bb4 g5 63. hxg5
Kxg5 64. Bc3 h4 65. Be1 h3 66. Bf2 h2 67. Be1 h1=B 68. Bc3 Bxf3+ 69. Ke1 Kf5
70. Kf2 Ke4 71. Ke1 Be5 72. Ba5 c3 73. Bb4 d2+ 74. Kf2 Bd4+ 75. Kg3 d1=Q 76.
Bxc3 Qg1+ 77. Kh3 Bf2 0-1

[Event "Regency Masters 3rd"]
[Site "Ramsgate"]
[Date "1981.12.12"]
[Round "8.7"]
[White "Nunn, John DM"]
[Black "Manouck, Thierry"]
[Result "1-0"]
[WhiteElo "2580"]
[BlackElo "2400"]
[PlyCount "113"]
[EventDate "1981.12.05"]
[EventType "swiss"]
[EventRounds "9"]
[EventCountry "ENG"]
[SourceTitle "BritBase"]
[Source "John Saunders"]
[SourceDate "2020.09.07"]
[SourceVersion "1"]
[SourceVersionDate "2020.09.07"]
[SourceQuality "2"]

1. e4 e5 2. Bc4 d6 3. Ne2 Nf6 4. Nbc3 Be6 5. Bb3 Bxb3 6. axb3 d5 7. exd5 Nxd5
8. d4 Nxc3 9. bxc3 Bd6 10. O-O O-O 11. Ng3 Nc6 12. Nf5 Qf6 13. Nxd6 cxd6 14. d5
Ne7 15. Ra4 Qf5 16. Ba3 Qd7 17. f4 exf4 18. Raxf4 Ng6 19. Rf5 f6 20. c4 b6 21.
h3 Rfe8 22. Qg4 Rad8 23. Bb2 Re7 24. h4 Ne5 25. Qg3 Kh8 26. h5 h6 27. Qh4 Kh7
28. Bc1 Rde8 29. Qg3 Kh8 30. Bb2 a6 31. Bd4 b5 32. c5 dxc5 33. Bxc5 Rf7 34. d6
Nc6 (34... Rff8 35. b4 Re6 36. R5f4 Rc8 $11) 35. Rd5 Re6 36. c4 bxc4 37. bxc4
Rf8 38. Rb1 Rfe8 39. Bf2 Re5 40. Qf3 Rxd5 41. Qxd5 Re5 42. Qd1 Re8 43. c5 Rb8
44. Rxb8+ Nxb8 45. Qb3 Qb5 46. Qxb5 axb5 47. d7 Nc6 48. Be1 Kg8 49. Ba5 Kf7 50.
d8=Q Nxd8 51. Bxd8 b4 52. Ba5 b3 53. Bc3 Ke6 54. Bb2 Kd5 55. Ba3 b2 56. Bxb2
Kxc5 57. Ba3+ 1-0

[Event "Regency Masters 3rd"]
[Site "Ramsgate"]
[Date "1981.12.12"]
[Round "8.8"]
[White "Taulbut, Shaun M"]
[Black "Law, Andrew P"]
[Result "1-0"]
[WhiteElo "2420"]
[BlackElo "2380"]
[PlyCount "81"]
[EventDate "1981.12.05"]
[EventType "swiss"]
[EventRounds "9"]
[EventCountry "ENG"]
[SourceVersionDate "2021.08.26"]

1. e4 e5 2. Bc4 Nf6 3. d3 Nc6 4. Nf3 Bc5 5. Bb3 d6 6. c3 O-O 7. O-O a6 8. Nbd2
Ba7 9. h3 Be6 10. Nc4 h6 11. Re1 Qd7 12. Be3 Bxe3 13. Nxe3 Rad8 14. a4 a5 15.
Bc4 Qc8 16. Qb3 Ne7 17. Bxe6 fxe6 18. Nc4 b6 19. d4 exd4 20. Nxd4 Nh5 21. g3
Rf7 22. e5 d5 23. Ne3 Rdf8 24. Rf1 c5 25. Nb5 Rf3 26. Ng4 Qc6 27. Nd6 Nf5 28.
Qb5 Qxb5 29. Nxb5 d4 30. Nh2 Nfxg3 31. fxg3 Rxg3+ 32. Kh1 d3 33. Rxf8+ Kxf8 34.
Nd6 Re3 35. Nc4 Re2 36. Nf1 Nf4 37. Ng3 Rc2 38. Rf1 g5 39. Nh5 d2 40. Nxf4 Rc1
41. Nxd2 1-0